[Event "WCO 2016"]
[Site "?"]
[Date "2016.09.13"]
[Round "11"]
[Board "23"]
[WhiteID "3804623"]
[White "Vera Siguenas Deivy"]
[BlackID "409561"]
[Black "Jones Gawain C B"]
[Result "1/2-1/2"]
[BlackElo "2635"]
[WhiteElo "2499"]
[LiveChessVersion "1.4.8"]

1. e4 {[%clk 1:30:57]} e5 {[%clk 1:30:40]} 2. Nf3 {[%clk 1:31:22]} Nc6
{[%clk 1:31:03]} 3. Bb5 {[%clk 1:31:48]} a6 {[%clk 1:31:25]} 4. Ba4
{[%clk 1:32:14]} Nf6 {[%clk 1:31:48]} 5. O-O {[%clk 1:31:06]} b5 {[%clk 1:31:54]}
6. Bb3 {[%clk 1:31:32]} Bc5 {[%clk 1:32:15]} 7. c3 {[%clk 1:30:02]} d6
{[%clk 1:32:12]} 8. a4 {[%clk 1:28:35]} Bb7 {[%clk 1:30:59]} 9. d3
{[%clk 1:20:43]} h6 {[%clk 1:29:48]} 10. axb5 {[%clk 1:16:21]} axb5
{[%clk 1:30:08]} 11. Rxa8 {[%clk 1:16:48]} Bxa8 {[%clk 1:16:34]} 12. Na3
{[%clk 1:16:29]} b4 {[%clk 1:08:41]} 13. Nc4 {[%clk 1:14:36]} O-O
{[%clk 1:05:57]} 14. Be3 {[%clk 1:14:36]} Bxe3 {[%clk 1:02:12]} 15. Nxe3
{[%clk 1:15:02]} bxc3 {[%clk 0:59:53]} 16. bxc3 {[%clk 1:15:27]} Ne7
{[%clk 1:00:08]} 17. Qc2 {[%clk 1:10:02]} Qd7 {[%clk 0:55:58]} 18. Ra1
{[%clk 1:05:57]} g6 {[%clk 0:50:12]} 19. Ra7 {[%clk 1:02:46]} Nc6
{[%clk 0:46:43]} 20. Ra3 {[%clk 1:01:34]} Bb7 {[%clk 0:44:53]} 21. Qb2
{[%clk 0:55:16]} Nd8 {[%clk 0:38:14]} 22. Ra7 {[%clk 0:52:04]} Kg7
{[%clk 0:35:40]} 23. Bc4 {[%clk 0:25:50]} Qc8 {[%clk 0:34:21]} 24. Nd5
{[%clk 0:15:15]} Nxd5 {[%clk 0:30:57]} 25. Bxd5 {[%clk 0:15:35]} Bxd5
{[%clk 0:23:11]} 26. exd5 {[%clk 0:15:59]} c6 {[%clk 0:19:37]} 27. Qb4
{[%clk 0:15:20]} cxd5 {[%clk 0:18:37]} 28. Qxd6 {[%clk 0:15:47]} Re8
{[%clk 0:18:19]} 29. Re7 {[%clk 0:07:47]} Rxe7 {[%clk 0:15:38]} 30. Qxe7
{[%clk 0:08:13]} Qxc3 {[%clk 0:15:35]} 31. Qxe5+ {[%clk 0:08:40]} Qxe5
{[%clk 0:15:59]} 32. Nxe5 {[%clk 0:09:06]} 1/2-1/2

[Event "WCO 2016"]
[Site "?"]
[Date "2016.09.13"]
[Round "11"]
[Board "24"]
[WhiteID "400025"]
[White "Short Nigel D"]
[BlackID "3801969"]
[Black "Cruz Cristhian"]
[Result "1/2-1/2"]
[BlackElo "2519"]
[WhiteElo "2666"]
[LiveChessVersion "1.4.8"]

1. c4 {[%clk 1:30:52]} e5 {[%clk 1:30:44]} 2. Nc3 {[%clk 1:30:49]} Nc6
{[%clk 1:30:35]} 3. Nf3 {[%clk 1:30:46]} Nf6 {[%clk 1:29:23]} 4. g3
{[%clk 1:27:25]} d5 {[%clk 1:24:49]} 5. cxd5 {[%clk 1:27:47]} Nxd5
{[%clk 1:25:16]} 6. Bg2 {[%clk 1:26:57]} Nb6 {[%clk 1:22:06]} 7. O-O
{[%clk 1:25:57]} Be7 {[%clk 1:22:22]} 8. a3 {[%clk 1:26:07]} O-O {[%clk 1:21:24]}
9. b4 {[%clk 1:26:15]} Be6 {[%clk 1:21:30]} 10. d3 {[%clk 1:26:00]} f6
{[%clk 1:20:49]} 11. Rb1 {[%clk 1:22:25]} Qd7 {[%clk 1:06:44]} 12. Ne4
{[%clk 1:18:54]} Nd5 {[%clk 1:04:50]} 13. Bb2 {[%clk 1:09:36]} a6
{[%clk 0:51:56]} 14. Qc2 {[%clk 1:07:41]} Rfd8 {[%clk 0:51:38]} 15. Rfd1
{[%clk 1:06:07]} Qe8 {[%clk 0:50:54]} 16. d4 {[%clk 0:55:00]} exd4
{[%clk 0:44:10]} 17. Nxd4 {[%clk 0:55:22]} Nxd4 {[%clk 0:44:35]} 18. Rxd4
{[%clk 0:55:27]} Rd7 {[%clk 0:35:22]} 19. Rbd1 {[%clk 0:47:48]} Rad8
{[%clk 0:32:48]} 20. h4 {[%clk 0:42:53]} c6 {[%clk 0:29:24]} 21. Nc5
{[%clk 0:42:45]} Bxc5 {[%clk 0:29:31]} 22. bxc5 {[%clk 0:35:18]} Ne7
{[%clk 0:25:45]} 23. e4 {[%clk 0:32:09]} Rxd4 {[%clk 0:24:28]} 24. Rxd4
{[%clk 0:32:17]} Rxd4 {[%clk 0:24:16]} 25. Bxd4 {[%clk 0:32:40]} Qd7
{[%clk 0:23:40]} 26. Qc3 {[%clk 0:32:32]} Bf7 {[%clk 0:22:41]} 27. f4
{[%clk 0:26:07]} h5 {[%clk 0:21:30]} 28. f5 {[%clk 0:26:32]} Kf8 {[%clk 0:21:22]}
29. Bf3 {[%clk 0:25:33]} Ng8 {[%clk 0:14:48]} 30. Be3 {[%clk 0:24:53]} Qd8
{[%clk 0:09:25]} 31. a4 {[%clk 0:21:21]} Nh6 {[%clk 0:08:38]} 32. a5
{[%clk 0:09:27]} Ng4 {[%clk 0:08:49]} 33. Bf4 {[%clk 0:09:51]} Kg8
{[%clk 0:08:40]} 34. Bd6 {[%clk 0:09:36]} Kh7 {[%clk 0:07:35]} 35. Qb4
{[%clk 0:06:33]} Qd7 {[%clk 0:07:04]} 36. Be2 {[%clk 0:06:57]} g6
{[%clk 0:05:48]} 37. Bxg4 {[%clk 0:01:26]} hxg4 {[%clk 0:06:11]} 38. Qb1
{[%clk 0:01:53]} Kg8 {[%clk 0:03:00]} 39. Kf2 {[%clk 0:02:01]} gxf5
{[%clk 0:02:28]} 40. exf5 {[%clk 0:32:27]} Bd5 {[%clk 0:32:39]} 41. Qd3
{[%clk 0:32:09]} Qe8 {[%clk 0:30:38]} 42. Qd4 {[%clk 0:32:03]} Qe4
{[%clk 0:30:29]} 43. Qxe4 {[%clk 0:29:51]} 1/2-1/2

[Event "WCO 2016"]
[Site "?"]
[Date "2016.09.13"]
[Round "11"]
[Board "25"]
[WhiteID "916811"]
[White "Solak Dragan"]
[BlackID "13601520"]
[Black "Jobava Baadur"]
[Result "1/2-1/2"]
[BlackElo "2665"]
[WhiteElo "2635"]
[LiveChessVersion "1.4.8"]

1. e4 {[%clk 1:30:57]} c6 {[%clk 1:29:08]} 2. d4 {[%clk 1:31:08]} d5
{[%clk 1:29:21]} 3. Nd2 {[%clk 1:31:27]} Qb6 {[%clk 1:29:30]} 4. c3
{[%clk 1:14:58]} dxe4 {[%clk 1:28:42]} 5. Nxe4 {[%clk 1:14:54]} Bf5
{[%clk 1:29:03]} 6. Bd3 {[%clk 1:09:53]} e6 {[%clk 1:28:28]} 7. Nf3
{[%clk 1:09:59]} Nd7 {[%clk 1:25:53]} 8. O-O {[%clk 1:10:10]} Bg4
{[%clk 1:23:04]} 9. Ng3 {[%clk 0:46:33]} c5 {[%clk 1:20:25]} 10. Be3
{[%clk 0:41:47]} Ngf6 {[%clk 1:18:32]} 11. h3 {[%clk 0:35:55]} Bxf3
{[%clk 1:17:48]} 12. Qxf3 {[%clk 0:36:20]} cxd4 {[%clk 1:14:12]} 13. cxd4
{[%clk 0:36:38]} Nd5 {[%clk 1:14:26]} 14. Bc4 {[%clk 0:32:20]} Qa5
{[%clk 1:05:56]} 15. Bxd5 {[%clk 0:27:11]} Qxd5 {[%clk 1:06:18]} 16. Qxd5
{[%clk 0:27:35]} exd5 {[%clk 1:06:44]} 17. Rac1 {[%clk 0:27:37]} g6
{[%clk 1:03:38]} 18. Rc7 {[%clk 0:25:44]} Rb8 {[%clk 1:04:04]} 19. Bf4
{[%clk 0:19:09]} Bb4 {[%clk 1:04:13]} 20. Rc2 {[%clk 0:15:56]} Ra8
{[%clk 1:02:26]} 21. a3 {[%clk 0:12:38]} Ba5 {[%clk 1:02:44]} 22. b4
{[%clk 0:11:39]} Bb6 {[%clk 1:02:18]} 23. Re1+ {[%clk 0:12:01]} Kd8
{[%clk 1:02:20]} 24. Bd6 {[%clk 0:11:48]} Re8 {[%clk 1:02:09]} 25. Rxe8+
{[%clk 0:11:03]} Kxe8 {[%clk 1:02:34]} 26. Re2+ {[%clk 0:11:18]} Kd8
{[%clk 1:03:00]} 27. Be7+ {[%clk 0:10:41]} Ke8 {[%clk 1:03:25]} 28. Bd6+
{[%clk 0:09:51]} Kd8 {[%clk 1:03:52]} 29. Be7+ {[%clk 0:10:07]} Ke8
{[%clk 1:04:19]} 30. Bd6+ {[%clk 0:01:57]} 1/2-1/2

[Event "WCO 2016"]
[Site "?"]
[Date "2016.09.13"]
[Round "11"]
[Board "26"]
[WhiteID "13600966"]
[White "Mchedlishvili Mikheil"]
[BlackID "14116731"]
[Black "Ipatov Alexander"]
[Result "0-1"]
[BlackElo "2652"]
[WhiteElo "2609"]
[LiveChessVersion "1.4.8"]

1. d4 {[%clk 1:30:52]} d6 {[%clk 1:30:32]} 2. Nf3 {[%clk 1:29:52]} Nf6
{[%clk 1:30:55]} 3. c4 {[%clk 1:28:13]} g6 {[%clk 1:31:20]} 4. Nc3
{[%clk 1:26:18]} Bf5 {[%clk 1:31:43]} 5. Qb3 {[%clk 1:26:44]} b6 {[%clk 1:31:52]}
6. g3 {[%clk 1:22:33]} Bg7 {[%clk 1:31:30]} 7. Bg2 {[%clk 1:22:05]} Nc6
{[%clk 1:31:25]} 8. Qa4 {[%clk 1:12:15]} Bd7 {[%clk 1:30:53]} 9. Qd1
{[%clk 1:12:24]} e5 {[%clk 1:30:00]} 10. O-O {[%clk 1:09:58]} O-O
{[%clk 1:28:03]} 11. d5 {[%clk 1:07:38]} Ne7 {[%clk 1:25:15]} 12. e4
{[%clk 1:07:18]} Qc8 {[%clk 1:19:37]} 13. Ne1 {[%clk 1:05:24]} Nh5
{[%clk 1:14:52]} 14. Nd3 {[%clk 1:03:35]} f5 {[%clk 0:59:35]} 15. Bg5
{[%clk 1:01:21]} Nf6 {[%clk 0:58:07]} 16. Qd2 {[%clk 0:59:08]} fxe4
{[%clk 0:56:44]} 17. Bxf6 {[%clk 0:58:03]} e3 {[%clk 0:55:47]} 18. Qxe3
{[%clk 0:56:48]} Bxf6 {[%clk 0:56:02]} 19. Ne4 {[%clk 0:56:49]} Bg7
{[%clk 0:52:47]} 20. Qd2 {[%clk 0:55:10]} Nf5 {[%clk 0:51:37]} 21. Rae1
{[%clk 0:54:38]} Qa6 {[%clk 0:33:31]} 22. b3 {[%clk 0:52:02]} Rae8
{[%clk 0:33:52]} 23. h4 {[%clk 0:39:57]} Nd4 {[%clk 0:30:21]} 24. f4
{[%clk 0:30:26]} exf4 {[%clk 0:29:06]} 25. Nxf4 {[%clk 0:30:51]} Qa5
{[%clk 0:24:11]} 26. b4 {[%clk 0:27:47]} Qa3 {[%clk 0:22:24]} 27. Re3
{[%clk 0:22:52]} Qa4 {[%clk 0:22:51]} 28. Rd3 {[%clk 0:21:14]} Nc2
{[%clk 0:14:22]} 29. Nc3 {[%clk 0:10:24]} Qxb4 {[%clk 0:13:33]} 30. Qxc2
{[%clk 0:10:37]} Bf5 {[%clk 0:12:25]} 31. Nd1 {[%clk 0:07:45]} Re1
{[%clk 0:07:43]} 32. Qd2 {[%clk 0:04:59]} Qc5+ {[%clk 0:07:23]} 33. Kh2
{[%clk 0:05:28]} Rxf1 {[%clk 0:07:19]} 34. Bxf1 {[%clk 0:05:57]} Bxd3
{[%clk 0:07:22]} 35. Qxd3 {[%clk 0:05:11]} Qa5 {[%clk 0:06:36]} 36. Qe2
{[%clk 0:04:53]} Be5 {[%clk 0:06:35]} 37. Nd3 {[%clk 0:04:31]} Re8
{[%clk 0:04:42]} 38. Qc2 {[%clk 0:03:53]} Bd4 {[%clk 0:04:52]} 39. Bh3
{[%clk 0:03:39]} Kg7 {[%clk 0:03:42]} 40. h5 {[%clk 0:32:13]} gxh5
{[%clk 0:32:59]} 41. Be6 {[%clk 0:27:17]} Rf8 {[%clk 0:28:18]} 42. Qe2
{[%clk 0:24:50]} Qa4 {[%clk 0:25:50]} 43. Nf4 {[%clk 0:24:06]} Kh8
{[%clk 0:21:26]} 44. Ne3 {[%clk 0:16:52]} h4 {[%clk 0:19:08]} 45. Nf5
{[%clk 0:14:19]} hxg3+ {[%clk 0:16:25]} 46. Kh3 {[%clk 0:14:00]} g2
{[%clk 0:12:21]} 47. Kxg2 {[%clk 0:12:22]} Be5 {[%clk 0:10:35]} 48. Nh3
{[%clk 0:10:04]} Rf6 {[%clk 0:08:38]} 49. Nf2 {[%clk 0:09:11]} Rg6+
{[%clk 0:08:29]} 50. Kf3 {[%clk 0:05:40]} b5 {[%clk 0:08:35]} 51. Ne3
{[%clk 0:04:37]} Rg3+ {[%clk 0:08:15]} 52. Ke4 {[%clk 0:05:02]} bxc4
{[%clk 0:08:36]} 53. Qd1 {[%clk 0:02:51]} Qxa2 {[%clk 0:06:32]} 54. Qf1
{[%clk 0:01:35]} Qd2 {[%clk 0:05:52]} 55. Nfg4 {[%clk 0:00:40]} Qd4+
{[%clk 0:05:38]} 56. Kf5 {[%clk 0:01:05]} Rxe3 {[%clk 0:04:11]} 0-1

[Event "WCO 2016"]
[Site "?"]
[Date "2016.09.13"]
[Round "11"]
[Board "27"]
[WhiteID "6302718"]
[White "Yilmaz Mustafa"]
[BlackID "13602071"]
[Black "Pantsulaia Levan"]
[Result "0-1"]
[BlackElo "2601"]
[WhiteElo "2616"]
[LiveChessVersion "1.4.8"]

1. d4 {[%clk 1:30:57]} Nf6 {[%clk 1:30:44]} 2. c4 {[%clk 1:31:21]} c5
{[%clk 1:31:06]} 3. d5 {[%clk 1:31:46]} e6 {[%clk 1:31:30]} 4. Nc3
{[%clk 1:32:11]} exd5 {[%clk 1:31:55]} 5. cxd5 {[%clk 1:32:37]} d6
{[%clk 1:32:21]} 6. Nf3 {[%clk 1:33:03]} g6 {[%clk 1:32:44]} 7. Bf4
{[%clk 1:33:29]} Bg7 {[%clk 1:31:55]} 8. Qa4+ {[%clk 1:33:34]} Bd7
{[%clk 1:32:19]} 9. Qb3 {[%clk 1:34:00]} Qc7 {[%clk 1:32:43]} 10. e4
{[%clk 1:33:38]} O-O {[%clk 1:33:07]} 11. Nd2 {[%clk 1:33:49]} Nh5
{[%clk 1:33:22]} 12. Be3 {[%clk 1:34:15]} f5 {[%clk 1:33:46]} 13. exf5
{[%clk 1:34:33]} Bxf5 {[%clk 1:34:10]} 14. Be2 {[%clk 1:34:21]} Nf6
{[%clk 1:34:34]} 15. Nc4 {[%clk 1:34:16]} Ne8 {[%clk 1:02:06]} 16. O-O
{[%clk 1:28:25]} Na6 {[%clk 0:59:54]} 17. a3 {[%clk 1:18:33]} Bd7
{[%clk 0:46:06]} 18. Rac1 {[%clk 1:09:33]} Rb8 {[%clk 0:41:47]} 19. a4
{[%clk 1:05:49]} Nb4 {[%clk 0:36:31]} 20. Rfd1 {[%clk 0:52:25]} b6
{[%clk 0:36:23]} 21. Ne4 {[%clk 0:47:44]} Bf5 {[%clk 0:32:49]} 22. Ng3
{[%clk 0:44:13]} Bc8 {[%clk 0:30:50]} 23. Bd2 {[%clk 0:41:10]} a5
{[%clk 0:27:29]} 24. Na3 {[%clk 0:34:58]} Qf7 {[%clk 0:24:15]} 25. Bf3
{[%clk 0:27:33]} Ba6 {[%clk 0:17:09]} 26. Be3 {[%clk 0:23:57]} Qd7
{[%clk 0:14:39]} 27. Be2 {[%clk 0:21:40]} Bb7 {[%clk 0:13:12]} 28. Ne4
{[%clk 0:17:27]} Nc7 {[%clk 0:10:27]} 29. Nb5 {[%clk 0:13:34]} Nxb5
{[%clk 0:10:51]} 30. Bxb5 {[%clk 0:13:57]} Qe7 {[%clk 0:11:03]} 31. f3
{[%clk 0:11:47]} Rf5 {[%clk 0:09:18]} 32. Bc4 {[%clk 0:10:27]} Rbf8
{[%clk 0:07:30]} 33. Bf2 {[%clk 0:07:09]} Be5 {[%clk 0:06:52]} 34. Re1
{[%clk 0:06:47]} Kh8 {[%clk 0:04:07]} 35. Rcd1 {[%clk 0:07:03]} Bc8
{[%clk 0:04:33]} 36. Bg3 {[%clk 0:04:37]} Kg8 {[%clk 0:03:52]} 37. Qe3
{[%clk 0:01:40]} Nc2 {[%clk 0:03:54]} 38. Qd2 {[%clk 0:01:03]} Nxe1
{[%clk 0:03:21]} 39. Rxe1 {[%clk 0:01:22]} Bxg3 {[%clk 0:03:03]} 40. hxg3
{[%clk 0:31:08]} Re5 {[%clk 0:33:21]} 41. Rf1 {[%clk 0:28:39]} Rxe4
{[%clk 0:23:17]} 42. fxe4 {[%clk 0:28:50]} Rxf1+ {[%clk 0:23:43]} 43. Bxf1
{[%clk 0:23:50]} Qxe4 {[%clk 0:24:09]} 44. Qg5 {[%clk 0:24:11]} Qe8
{[%clk 0:24:10]} 45. b3 {[%clk 0:17:10]} Kg7 {[%clk 0:23:23]} 46. Bb5
{[%clk 0:16:52]} Qf8 {[%clk 0:22:58]} 47. Qe3 {[%clk 0:16:31]} Qf6
{[%clk 0:17:44]} 48. Qe8 {[%clk 0:14:11]} Bf5 {[%clk 0:18:09]} 49. Kh2
{[%clk 0:13:12]} h5 {[%clk 0:17:35]} 50. Qb8 {[%clk 0:10:35]} Be4
{[%clk 0:15:49]} 51. Bd7 {[%clk 0:09:23]} Qe5 {[%clk 0:12:49]} 52. Kg1
{[%clk 0:04:24]} Bxd5 {[%clk 0:09:36]} 53. Qxb6 {[%clk 0:04:23]} Qxg3
{[%clk 0:09:37]} 54. Bh3 {[%clk 0:04:38]} Bxb3 {[%clk 0:09:17]} 55. Qxa5
{[%clk 0:04:43]} Qe3+ {[%clk 0:09:40]} 56. Kh1 {[%clk 0:04:23]} Qc1+
{[%clk 0:10:04]} 57. Kh2 {[%clk 0:04:49]} Qf4+ {[%clk 0:10:30]} 58. Kh1
{[%clk 0:03:57]} Bxa4 {[%clk 0:10:51]} 0-1

[Event "WCO 2016"]
[Site "?"]
[Date "2016.09.13"]
[Round "11"]
[Board "28"]
[WhiteID "13600702"]
[White "Gelashvili Tamaz"]
[BlackID "6302181"]
[Black "Can Emre"]
[Result "0-1"]
[BlackElo "2565"]
[WhiteElo "2575"]
[LiveChessVersion "1.4.8"]

1. d4 {[%clk 1:30:50]} Nf6 {[%clk 1:30:34]} 2. Nf3 {[%clk 1:31:12]} g6
{[%clk 1:30:29]} 3. Bf4 {[%clk 1:30:56]} Bg7 {[%clk 1:30:23]} 4. e3
{[%clk 1:31:20]} O-O {[%clk 1:29:55]} 5. h3 {[%clk 1:31:32]} d6 {[%clk 1:30:08]}
6. Be2 {[%clk 1:31:55]} b6 {[%clk 1:29:31]} 7. O-O {[%clk 1:31:17]} Bb7
{[%clk 1:26:55]} 8. c4 {[%clk 1:31:17]} Nbd7 {[%clk 1:27:14]} 9. Nc3
{[%clk 1:30:46]} Ne4 {[%clk 1:27:08]} 10. Nxe4 {[%clk 1:28:26]} Bxe4
{[%clk 1:27:34]} 11. Bh2 {[%clk 1:28:32]} c5 {[%clk 1:23:12]} 12. Rc1
{[%clk 1:27:25]} Qc7 {[%clk 1:13:08]} 13. b3 {[%clk 1:14:16]} Qb7
{[%clk 1:12:26]} 14. d5 {[%clk 1:05:56]} Bxf3 {[%clk 1:11:39]} 15. Bxf3
{[%clk 1:02:36]} b5 {[%clk 1:08:12]} 16. cxb5 {[%clk 1:02:42]} a6
{[%clk 1:08:22]} 17. bxa6 {[%clk 0:55:57]} Rxa6 {[%clk 1:07:36]} 18. Qc2
{[%clk 0:55:35]} Ra3 {[%clk 1:05:50]} 19. Qd2 {[%clk 0:25:47]} Rfa8
{[%clk 0:59:22]} 20. Rc2 {[%clk 0:26:15]} Nb8 {[%clk 0:50:57]} 21. Be2
{[%clk 0:21:22]} Na6 {[%clk 0:51:00]} 22. Bxa6 {[%clk 0:21:28]} Qxa6
{[%clk 0:51:17]} 23. Bg3 {[%clk 0:18:47]} Rxa2 {[%clk 0:47:09]} 24. Bh4
{[%clk 0:19:03]} Rxc2 {[%clk 0:41:54]} 25. Qxc2 {[%clk 0:19:30]} Qb7
{[%clk 0:41:27]} 26. Rd1 {[%clk 0:18:30]} Ra6 {[%clk 0:29:40]} 27. Rd3
{[%clk 0:10:54]} Kf8 {[%clk 0:27:54]} 28. Kh2 {[%clk 0:02:29]} Qb4
{[%clk 0:23:57]} 29. Bg3 {[%clk 0:02:49]} h5 {[%clk 0:22:31]} 30. Bf4
{[%clk 0:00:55]} Bf6 {[%clk 0:20:44]} 31. Rd1 {[%clk 0:00:40]} Ra3
{[%clk 0:18:49]} 32. e4 {[%clk 0:00:35]} Qxb3 {[%clk 0:17:51]} 33. Qxb3
{[%clk 0:00:46]} Rxb3 {[%clk 0:18:19]} 34. Rc1 {[%clk 0:00:56]} Bd4
{[%clk 0:17:57]} 35. Bg3 {[%clk 0:00:35]} Ke8 {[%clk 0:16:33]} 36. Rc4
{[%clk 0:00:36]} Rb4 {[%clk 0:15:37]} 37. Rc1 {[%clk 0:01:05]} g5
{[%clk 0:14:29]} 38. f3 {[%clk 0:01:03]} h4 {[%clk 0:14:15]} 39. Be1
{[%clk 0:01:26]} Ra4 {[%clk 0:14:08]} 40. Bd2 {[%clk 0:30:43]} f6
{[%clk 0:43:45]} 41. Rb1 {[%clk 0:25:55]} Ra2 {[%clk 0:41:35]} 42. Be1
{[%clk 0:24:50]} Kd7 {[%clk 0:39:31]} 43. Rc1 {[%clk 0:21:20]} Bb2
{[%clk 0:37:50]} 44. Rb1 {[%clk 0:19:15]} c4 {[%clk 0:34:58]} 45. Bf2
{[%clk 0:19:39]} c3 {[%clk 0:34:07]} 46. Bd4 {[%clk 0:20:05]} Kc7
{[%clk 0:34:24]} 47. Re1 {[%clk 0:06:52]} c2 {[%clk 0:32:37]} 48. Be3
{[%clk 0:06:21]} Ra1 {[%clk 0:32:47]} 49. Re2 {[%clk 0:06:13]} c1=Q
{[%clk 0:32:14]} 0-1

[Event "WCO 2016"]
[Site "?"]
[Date "2016.09.13"]
[Round "11"]
[Board "29"]
[WhiteID "4201345"]
[White "Papaioannou Ioannis"]
[BlackID "718572"]
[Black "Berkes Ferenc"]
[Result "1/2-1/2"]
[BlackElo "2640"]
[WhiteElo "2631"]
[LiveChessVersion "1.4.8"]

1. d4 {[%clk 1:30:54]} d5 {[%clk 1:30:48]} 2. c4 {[%clk 1:31:10]} e6
{[%clk 1:31:12]} 3. Nf3 {[%clk 1:31:30]} Nf6 {[%clk 1:31:36]} 4. g3
{[%clk 1:31:50]} Bb4+ {[%clk 1:32:01]} 5. Bd2 {[%clk 1:32:03]} Be7
{[%clk 1:32:25]} 6. Bg2 {[%clk 1:32:22]} O-O {[%clk 1:32:49]} 7. O-O
{[%clk 1:32:44]} Nbd7 {[%clk 1:33:16]} 8. Qc2 {[%clk 1:32:39]} Ne4
{[%clk 1:33:39]} 9. Nc3 {[%clk 1:31:28]} Nxd2 {[%clk 1:34:00]} 10. Nxd2
{[%clk 1:31:27]} c6 {[%clk 1:34:23]} 11. Rfd1 {[%clk 1:30:04]} f5
{[%clk 1:34:38]} 12. Rab1 {[%clk 1:27:55]} a5 {[%clk 1:22:28]} 13. e3
{[%clk 1:23:48]} Nf6 {[%clk 1:20:31]} 14. Ne2 {[%clk 1:21:41]} Bd7
{[%clk 1:11:51]} 15. Nf3 {[%clk 1:20:31]} Bd6 {[%clk 1:10:19]} 16. Nf4
{[%clk 1:18:45]} Qe7 {[%clk 1:08:02]} 17. Ne5 {[%clk 1:13:43]} Be8
{[%clk 1:04:54]} 18. cxd5 {[%clk 1:10:09]} cxd5 {[%clk 1:04:30]} 19. Rdc1
{[%clk 1:09:38]} g5 {[%clk 0:49:10]} 20. Nfd3 {[%clk 1:09:49]} Bb5
{[%clk 0:49:14]} 21. Qb3 {[%clk 1:06:32]} Bxd3 {[%clk 0:49:12]} 22. Nxd3
{[%clk 1:05:15]} h5 {[%clk 0:48:26]} 23. Rc2 {[%clk 0:57:22]} h4 {[%clk 0:48:47]}
24. Rbc1 {[%clk 0:57:32]} hxg3 {[%clk 0:48:57]} 25. hxg3 {[%clk 0:57:54]} a4
{[%clk 0:39:02]} 26. Qb6 {[%clk 0:56:32]} Ra6 {[%clk 0:39:01]} 27. Qb5
{[%clk 0:56:41]} Qd7 {[%clk 0:39:05]} 28. Qxd7 {[%clk 0:56:07]} Nxd7
{[%clk 0:39:31]} 29. Rc8 {[%clk 0:53:24]} Ra8 {[%clk 0:37:21]} 30. Rxa8
{[%clk 0:53:20]} Rxa8 {[%clk 0:37:43]} 31. Bf1 {[%clk 0:53:20]} Kf7
{[%clk 0:34:53]} 32. Be2 {[%clk 0:51:40]} Ke7 {[%clk 0:32:46]} 33. Kg2
{[%clk 0:51:28]} g4 {[%clk 0:32:11]} 34. Rh1 {[%clk 0:48:54]} Nf6
{[%clk 0:32:08]} 35. Rc1 {[%clk 0:47:20]} a3 {[%clk 0:22:36]} 36. bxa3
{[%clk 0:46:27]} Rxa3 {[%clk 0:20:51]} 37. Rb1 {[%clk 0:46:48]} Ra7
{[%clk 0:20:48]} 38. Bd1 {[%clk 0:46:30]} Ne4 {[%clk 0:19:53]} 39. Bb3
{[%clk 0:46:39]} Ra8 {[%clk 0:15:06]} 40. Rh1 {[%clk 1:16:57]} Nf6
{[%clk 0:45:09]} 41. Rc1 {[%clk 1:16:32]} Rh8 {[%clk 0:41:46]} 42. Ba4
{[%clk 1:14:58]} Ra8 {[%clk 0:40:40]} 43. Bb3 {[%clk 1:15:23]} Rb8
{[%clk 0:40:39]} 44. Rh1 {[%clk 1:14:30]} Rc8 {[%clk 0:40:51]} 45. Rc1
{[%clk 1:14:34]} Rc6 {[%clk 0:36:24]} 46. Ba4 {[%clk 1:14:18]} Ra6
{[%clk 0:29:12]} 47. Bb3 {[%clk 1:14:39]} Ra8 {[%clk 0:29:35]} 48. Rb1
{[%clk 1:14:37]} Rc8 {[%clk 0:28:16]} 49. Rc1 {[%clk 1:14:45]} Rb8
{[%clk 0:27:32]} 50. Rh1 {[%clk 1:14:54]} Kf7 {[%clk 0:25:04]} 51. Rc1
{[%clk 1:14:46]} Ke7 {[%clk 0:22:46]} 1/2-1/2

[Event "WCO 2016"]
[Site "?"]
[Date "2016.09.13"]
[Round "11"]
[Board "30"]
[WhiteID "702293"]
[White "Almasi Zoltan"]
[BlackID "4202694"]
[Black "Mastrovasilis Dimitrios"]
[Result "1-0"]
[BlackElo "2601"]
[WhiteElo "2684"]
[LiveChessVersion "1.4.8"]

1. e4 {[%clk 1:30:55]} c5 {[%clk 1:30:50]} 2. Nf3 {[%clk 1:31:20]} e6
{[%clk 1:31:12]} 3. d4 {[%clk 1:31:41]} cxd4 4. Nxd4 {[%clk 1:32:06]} Nc6
{[%clk 1:31:52]} 5. Nc3 Qc7 {[%clk 1:32:07]} 6. Be2 {[%clk 1:31:59]} a6
{[%clk 1:32:18]} 7. O-O {[%clk 1:31:56]} Nf6 {[%clk 1:32:25]} 8. Be3
{[%clk 1:31:11]} Bb4 {[%clk 1:32:11]} 9. Na4 {[%clk 1:23:09]} O-O
{[%clk 1:31:48]} 10. c4 {[%clk 1:23:09]} Be7 {[%clk 1:31:48]} 11. Nc3
{[%clk 1:14:16]} b6 {[%clk 1:30:58]} 12. Nb3 {[%clk 1:05:57]} Bb7
{[%clk 1:28:28]} 13. Rc1 {[%clk 0:58:23]} Ne5 {[%clk 1:05:49]} 14. f3
{[%clk 0:55:54]} d6 {[%clk 1:05:05]} 15. Nd4 {[%clk 0:53:37]} Rac8
{[%clk 0:57:26]} 16. b3 {[%clk 0:53:33]} Qb8 {[%clk 0:56:52]} 17. Kh1
{[%clk 0:53:32]} Rfe8 {[%clk 0:54:38]} 18. Qd2 {[%clk 0:52:48]} Bd8
{[%clk 0:50:04]} 19. Rfd1 {[%clk 0:46:33]} Bc7 {[%clk 0:49:10]} 20. Bg1
{[%clk 0:46:16]} Ng6 {[%clk 0:47:44]} 21. Rc2 {[%clk 0:40:21]} h5
{[%clk 0:34:04]} 22. Bf1 {[%clk 0:28:52]} h4 {[%clk 0:27:02]} 23. Nde2
{[%clk 0:28:41]} Rcd8 {[%clk 0:18:11]} 24. Qc1 {[%clk 0:24:09]} h3
{[%clk 0:12:16]} 25. Bd4 {[%clk 0:22:28]} hxg2+ {[%clk 0:09:32]} 26. Bxg2
{[%clk 0:22:51]} e5 {[%clk 0:02:48]} 27. Be3 {[%clk 0:22:05]} Rc8
{[%clk 0:03:00]} 28. Bh3 {[%clk 0:21:12]} Rcd8 {[%clk 0:01:14]} 29. Bg5
{[%clk 0:21:11]} Nh7 {[%clk 0:01:34]} 30. Nd5 {[%clk 0:20:25]} Nxg5
{[%clk 0:01:02]} 31. Qxg5 {[%clk 0:20:49]} Rc8 {[%clk 0:00:45]} 32. Bxc8
{[%clk 0:18:09]} Bd8 {[%clk 0:01:01]} 33. Qh5 {[%clk 0:17:48]} Qxc8
{[%clk 0:01:18]} 34. Nec3 {[%clk 0:15:53]} b5 {[%clk 0:01:08]} 35. Ne3
{[%clk 0:10:04]} Qc5 {[%clk 0:00:52]} 36. Ncd5 {[%clk 0:10:02]} Bxd5
{[%clk 0:00:49]} 37. Nxd5 {[%clk 0:10:28]} Bh4 {[%clk 0:00:52]} 38. Rg2
{[%clk 0:07:12]} Bd8 {[%clk 0:00:56]} 39. Rc2 {[%clk 0:06:32]} bxc4
{[%clk 0:00:48]} 40. Qg4 {[%clk 0:31:12]} Qa3 {[%clk 0:30:35]} 41. Qd7
{[%clk 0:23:39]} Rf8 {[%clk 0:26:21]} 42. Qa4 {[%clk 0:20:47]} Qc5
{[%clk 0:22:43]} 43. Qxa6 {[%clk 0:20:19]} 1-0